Fr. Conceicao Rodrigues College of Engineering

18th International Machine tool design and research conference proceeding (Record no. 26841)

MARC details
000 -LEADER
fixed length control field 00340nam a2200133Ia 4500
082 ## - DEWEY DECIMAL CLASSIFICATION NUMBER
Classification number 621.902
Item number IMT
100 ## - MAIN ENTRY--PERSONAL NAME
Personal name Alexander/J/M
245 ## - TITLE STATEMENT
Title 18th International Machine tool design and research conference proceeding
260 ## - PUBLICATION, DISTRIBUTION, ETC.
Name of publisher, distributor, etc. Imperial College
Place of publication, distribution, etc. London
Date of publication, distribution, etc. 1977
300 ## - PHYSICAL DESCRIPTION
Extent 1977
546 ## - LANGUAGE NOTE
Language note ENGLISH
654 ## - SUBJECT ADDED ENTRY--FACETED TOPICAL TERMS
Focus term machine
942 ## - ADDED ENTRY ELEMENTS (KOHA)
Koha item type Reference Book
Holdings
Withdrawn status Lost status Damaged status Not for loan Collection Home library Current library Shelving location Date acquired Total Checkouts Full call number Barcode Date last seen Price effective from Koha item type
        CRC Fr. Agnel's C.Rodrigues College of Engineering Fr. Agnel's C.Rodrigues College of Engineering   17/03/2023   621.902 IMT 2108 17/03/2023 17/03/2023 Reference Book
        CRC Fr. Agnel's C.Rodrigues College of Engineering Fr. Agnel's C.Rodrigues College of Engineering   17/03/2023   621.902 IMT 2109 17/03/2023 17/03/2023 Reference Book
        CRC Fr. Agnel's C.Rodrigues College of Engineering Fr. Agnel's C.Rodrigues College of Engineering   17/03/2023   621.902 IMT 2110 17/03/2023 17/03/2023 Reference Book